Welchem Deutschrapper gehört dieses Deutschrap-Label? - Statistiken

Allgemein
  • Dieses Quiz wurde 246 mal gespielt
  • Das Durchschnittsergebnis liegt bei 8 aus 14
Antwortstatistiken
Hint Antwort % Korrekt
Bra Musik Capital Bra
93%
Banger Music Farid Bang
86%
Stay High Ufo361
79%
Ersguterjunge Bushido
75%
Alpha Music Empire Kollegah
75%
Alles oder Nix Records Xatar
73%
Azzlackz Haftbefehl
72%
385ideal Celo und Abdi
64%
Bikini Bottom Mafia Sun Diego
61%
Life is Pain PA Sports
56%
Maskulin Music Group Fler
42%
German Dream Eko Fresh
39%
Essah Entertainment Kool Savas
27%
Selfmade Records Slick One
6%
Keine übereinstimmenden Quizze gefunden
Verteilung der Resultate
Anzahl Personen mit jedem Resultat
Perzentil nach korrekt beantworteten Fragen
Ihre Resultats-Entwicklung
Sie haben dieses Quiz noch nicht gespielt